000 00673nam a22002177a 4500
003 UA-OsUOA
001 80680
007 ta
008 20111222b un ||||| |||| 00| 0 ukr d
100 _aМатвіяс І.Г.
090 _a81
_bМ33
942 _cSA
040 _aUA-OsUOA
_bukr
_cUA-OsUOA
_dUA-OsUOA
245 _aОсобливості словозміни в західноукраїнському варіанті літературної мови
300 _aС.11-15
955 _a0
041 _aukr
080 _a81
773 0 _w80679
650 7 _a8 Мовознавство. Художня література. Літературознавство
_2UDC
999 _c366988
_d366988